[Event "Grand Slam Final 4th"]
[Site "Sao Paulo/Bilbao"]
[Date "2011.09.30"]
[Round "4"]
[White "Carlsen, Magnus"]
[Black "Nakamura, Hikaru"]
[Result "1/2-1/2"]
[WhiteElo "2823"]
[BlackElo "2753"]
[PlyCount "85"]
[EventDate "2011.09.26"]
[EventType "tourn"]
[EventRounds "10"]
[EventCountry "BRA"]
[EventCategory "22"]
[SourceTitle "CBM 145"]
[Source "ChessBase"]
[SourceDate "2011.11.11"]
[SourceVersion "1"]
[SourceVersionDate "2011.11.11"]
[SourceQuality "1"]

1. d4 d5 2. c4 e6 3. Nc3 Be7 4. Nf3 Nf6 5. Bg5 h6 6. Bxf6 Bxf6 7. e3 O-O 8. Rc1 c6 9. Bd3 Nd7 10. O-O dxc4 11. Bxc4 e5 12. Bb3 exd4 13. exd4 Nb6 14. h3 Re8 15. Re1 Rxe1+ 16. Qxe1 Bf5 17. Ne5 ({RR} 17. g4 Bd3 18. Ne5 Bxe5 19. dxe5 c5 20. Qe3 c4 21. Bd1 Qe7 22. Be2 Bxe2 23. Qxe2 Re8 24. Re1 {½-½ (24) Bacrot,E (2565)-Siegel,G (2540) France 1998}) ({RR} 17. Ne4 Qe7 18. Nc5 Re8 19. Qa5 Ra8 20. Re1 Qc7 21. Ne5 Bxe5 22. Rxe5 Bg6 23. Qe1 Nd5 24. Bxd5 cxd5 25. Re8+ Rxe8 26. Qxe8+ Kh7 27. Nd7 Qc6 28. Nf8+ Kg8 29. Qb8 Be4 30. Ng6+ Kh7 31. Ne7 Qc1+ {Citak,S (2374)-Dziewonski,D (2225) Senta SRB 2025 1-0 (72)}) 17... Nd5 18. Nxd5 cxd5 19. g4 $146 ({RR} 19. Rc5 Be6 20. f4 b6 21. Rc3 Bf5 22. Qe3 Be4 23. Nxf7 Qe7 24. Ne5 Kh7 25. Bc2 Bxc2 26. Rxc2 Qe6 27. Qd3+ Kg8 28. Rc7 Qd6 29. Qc3 Rd8 30. Rxa7 Bxe5 31. dxe5 Qg6 32. Kh2 Rf8 33. Qg3 {1-0 (33) Kovalov,S (2351)-Krivko,Y (2273) St Petersburg 2002}) ({RR} 19. Rc5 Be6 20. Qe3 Rc8 21. Nd3 b6 22. Rxc8 Qxc8 23. Nb4 Qb7 24. Qc3 a5 25. Nc2 Qc8 26. Qxc8+ Bxc8 27. Bxd5 Bf5 28. Bb3 Bxc2 29. Bxc2 Bxd4 30. b3 {½-½ (30) Sviridonov,S (2358)-Malinichev,K (2290) Volodarskij 2007}) 19... Be6 20. f4 Qb6 21. Rd1 Bxe5 22. Qxe5 Re8 23. f5 f6 24. Qf4 Bf7 25. Qf2 Qb4 26. Kg2 Re4 27. Rd2 Qd6 28. Bd1 Kf8 29. Bf3 Re7 30. Re2 Rxe2 31. Qxe2 Be8 32. Qe3 Bc6 33. a3 Qe7 34. Qc3 a6 35. b4 Ke8 36. a4 Qd7 37. a5 Qd6 38. Qc5 Qf4 39. Bxd5 Qd2+ 40. Kf3 Qd3+ 41. Kf2 Qd2+ 42. Kf3 Qd3+ 43. Kf2 1/2-1/2

[Event "Grand Slam Final 4th"]
[Site "Sao Paulo/Bilbao"]
[Date "2011.10.08"]
[Round "8"]
[White "Carlsen, Magnus"]
[Black "Vallejo Pons, Francisco"]
[Result "1-0"]
[WhiteElo "2823"]
[BlackElo "2716"]
[Annotator "Edouard,Romain"]
[PlyCount "91"]
[EventDate "2011.09.26"]
[EventType "tourn"]
[EventRounds "10"]
[EventCountry "BRA"]
[EventCategory "22"]
[SourceTitle "CBM 145"]
[Source "ChessBase"]
[SourceDate "2011.11.11"]
[SourceVersion "1"]
[SourceVersionDate "2011.11.11"]
[SourceQuality "1"]

1. d4 d5 2. c4 c6 3. Nf3 Nf6 4. e3 Bf5 5. Nc3 e6 6. Nh4 Be4 7. f3 Bg6 8. Qb3 Qb6 9. Nxg6 hxg6 10. Bd2 Bd6 11. h3 Nbd7 12. O-O-O Qxb3 13. axb3 a6 14. Kc2 Nh5 15. Bd3 Ng3 16. Rhe1 O-O-O 17. e4 $146 {Some other moves were played before without achieving anything.} dxe4 18. fxe4 c5 $146 ({RR} 18... e5 19. d5 Nc5 20. Bg5 f6 21. Be3 cxd5 22. exd5 Nxd3 23. Rxd3 e4 24. Rdd1 Be5 25. Bb6 Bxc3 26. bxc3 Rde8 27. c5 Kd7 28. c4 f5 29. b4 f4 30. b5 axb5 31. cxb5 e3 32. c6+ Kd6 33. Ba5 {Levin,E (2516)-Sharma,D (2295) St Petersburg 2018 1-0 (40)}) 19. d5 Rde8 20. Na2 $1 {An important idea. White wants to play b4, exchange the b3 pawn for c5, and push b4 again. Of course it is not easy to manage in good conditions. According to the engine, White never succeeds if Black plays correctly, but from a human point of view, I believe it should be definitely easier to play for White.} exd5 {I'm not sure whether not taking could bring Black something or not!} ({However, after} 20... Ne5 21. b4 f5 {the engine found an impressive draw:} 22. bxc5 Bxc5 (22... Nxd3 23. Kxd3 fxe4+ 24. Kc2 Bxc5 25. Bf4 Nh5 26. d6 Kd7 27. Be5 {followed by b4 is bad for Black.}) 23. exf5 $8 exd5 24. Rxe5 {The rest is simply fine for Black.} Rxe5 25. Bf4 dxc4 $1 26. Bxe5 (26. Bxc4 $6 Nxf5 $1) 26... cxd3+ 27. Rxd3 Nxf5 28. Rc3 b6 29. b4 Re8 30. Bh2 Nd4+ 31. Kd3 (31. Kb1 Re1+ 32. Kb2 Re2+ 33. Ka1 Rxg2 34. Be5 Rg1+ 35. Kb2 Rg2+ $11) 31... Rd8 {and Black simply gets a draw by a miracle.}) 21. exd5 Nf5 (21... Ne5 22. b4 f6 $1 {might be enough for equality:} 23. bxc5 {(of course White has no obligation to take so fast, but what else?)} (23. Re3 $6 Nf5 {is very good for Black.}) 23... Bxc5 24. Bf4 (24. b4 $2 Bf2 $15) 24... Bf2 25. Bxg3 Bxg3 26. Re2 Nxd3 27. Rxe8+ Rxe8 28. Rxd3 Bd6 {followed by ...d7, ...b6.}) 22. b4 Nd4+ (22... Nh4 23. bxc5 (23. Bf1 Nf5 24. bxc5 Nxc5 25. b4 Ne4 {is very good for Black.}) 23... Nxc5 24. Rxe8+ Rxe8 25. Rf1 Nxd3 26. Kxd3 f6 27. g4 g5 {and Black is just fine: White's pawn are not bringing anything special. Black will just put his king on d7, bishop on e5, some ...h8 move or whatever, and I think White cannot make progress at all. Once again, it is very tough, over the board, to leave White two beautiful central pawns like this.}) 23. Kb1 Nb3 {Maybe not the most accurate, but still fine.} (23... cxb4 $5 24. Nxb4 (24. Bxb4 Bxb4 25. Nxb4 Rxe1 26. Rxe1 Kc7 $11) 24... Nc5 25. Bc3 Rxe1 26. Rxe1 Rh4 $1 {and, since Black seems to manage to keep control over the dark squares, I believe the position is equal again.}) 24. Bc3 cxb4 25. Nxb4 Be5 26. Na2 Bxc3 27. Nxc3 (27. Rxe8+ {to try to be clever (check comments of the further moves) would not make sense because of} Rxe8 28. Nxc3 Re3 {and the initiative goes to the black side.}) 27... Ndc5 $6 {Problems started from here. Actually, while analysing the game, I noticed that taking the opponent's rook first very frequently made a great difference.} (27... Rxe1 $1 28. Rxe1 Ndc5 {might have been even more precise, since} 29. Bc2 $2 {is bad due to} Nd2+ $17) 28. Rxe8+ Rxe8 29. Bc2 Re3 30. Ka2 $6 (30. Bxb3 $1 Nxb3 31. Kc2 Nc5 32. b4 Nd7 33. Rd3 {and, though Black should hold, the position is very unpleasant to play.}) 30... Na5 31. Rd4 Rg3 32. Ne4 Rxg2 $4 {After having so many possible options each move, Black entered time trouble and eventually blundered. Maybe a bit of luck for Magnus, but I would say he also chose the position well: unusual enough to make his opponent spend a lot of time.} (32... Nxe4 33. Bxe4 Nb3 $1 34. Rd1 Re3 $1 35. Bc2 Nc5 36. b4 Nd7 {is simply fine for Black: White doesn't have enough pieces for central pawns to achieve anything big.} (36... Ne4 $5)) 33. Rd2 $1 $18 {Nice trick! Maybe some unconcious payback for their first game? :)} Rxd2 34. Nxd2 {Black loses a piece!} b5 35. b4 Nab7 36. bxc5 Nxc5 37. Ne4 Nb7 38. c5 f5 39. c6 fxe4 40. cxb7+ Kxb7 41. Bxe4 Kc7 42. Kb3 a5 43. Kc3 a4 44. Bc2 g5 45. Kd4 Kd6 46. Bd1 1-0

[Event "Grand Slam Final 4th"]
[Site "Sao Paulo/Bilbao"]
[Date "2011.10.11"]
[Round "10"]
[White "Nakamura, Hikaru"]
[Black "Carlsen, Magnus"]
[Result "1/2-1/2"]
[WhiteElo "2753"]
[BlackElo "2823"]
[PlyCount "86"]
[EventDate "2011.09.26"]
[EventType "tourn"]
[EventRounds "10"]
[EventCountry "BRA"]
[EventCategory "22"]
[SourceTitle "CBM 145"]
[Source "ChessBase"]
[SourceDate "2011.11.11"]
[SourceVersion "1"]
[SourceVersionDate "2011.11.11"]
[SourceQuality "1"]

1. d4 Nf6 2. c4 e6 3. Nf3 d5 4. Nc3 Be7 5. Bg5 h6 6. Bh4 O-O 7. e3 b6 8. cxd5 Nxd5 9. Bxe7 Qxe7 10. Nxd5 exd5 11. Qb3 Be6 12. Rc1 Rc8 ({RR} 12... c5 13. dxc5 bxc5 14. Qa3 Rc8 15. Be2 Nd7 16. O-O Nf6 17. Nd2 Rc7 18. b3 Rac8 19. Rfd1 c4 20. Qxe7 Rxe7 21. bxc4 dxc4 22. Bxc4 Rec7 23. Rc3 Rxc4 24. Nxc4 Rxc4 25. Rxc4 Bxc4 26. Rd8+ Kh7 27. a3 {San Thit Lwin (2242)-Toktomushev,T (2279) chess.com INT 2024 0-1 (72)}) 13. Bd3 ({RR} 13. Be2 a5 14. O-O a4 15. Qc3 c5 16. Qa3 Qa7 17. dxc5 bxc5 18. Ne5 Qb6 19. f4 Nd7 20. Nxd7 Bxd7 21. Bf3 Rab8 22. Bxd5 Qxb2 23. Qxb2 Rxb2 24. Rf2 Rxf2 25. Kxf2 Kf8 26. e4 f6 27. Ke3 Ke7 {Marinelli,T (2370)-Arlandi,E (2430) Filettino 1994 1-0 (57)}) 13... c5 14. Qa3 Kf8 15. dxc5 $146 ({RR} 15. b3 a5 16. Ne5 Nd7 17. Nxd7+ Bxd7 18. O-O cxd4 19. Qxe7+ Kxe7 20. exd4 {½-½ (20) Magerramov,E-Kasparov,G Leningrad 1977}) ({RR} 15. b3 a5 16. Ne5 Nd7 17. Nxd7+ Bxd7 18. O-O cxd4 19. Qxe7+ Kxe7 20. exd4 Rxc1 21. Rxc1 Rc8 22. Rxc8 Bxc8 23. Kf1 Bd7 24. a3 Kf6 25. Ke2 Ke7 26. Ke3 b5 27. b4 axb4 28. axb4 g5 29. f4 f6 {Browne,W-Grefe,J Oberlin 1975 1-0 (61)}) 15... bxc5 16. Bb5 Nd7 17. Bxd7 Bxd7 18. O-O a5 19. Rfd1 Be6 20. Rc3 a4 21. h3 Rab8 22. Rd2 Rb4 23. Rdc2 c4 24. b3 axb3 25. axb3 Rbb8 26. Qxe7+ Kxe7 27. bxc4 Rxc4 28. Nd2 Rxc3 29. Rxc3 d4 30. exd4 Rb4 31. Rd3 Kd6 32. Nf3 Bd5 33. Kh2 Be4 34. Ra3 f6 35. Ra6+ Ke7 36. Ra7+ Kf8 37. Rd7 Bc6 38. Rd6 Bxf3 39. gxf3 Ke7 40. Rd5 Ke6 41. Rd8 Ke7 42. Rd5 Ke6 43. Rd8 Ke7 1/2-1/2

[Event "Moscow Tal Memorial 6th"]
[Site "Moscow"]
[Date "2011.11.16"]
[Round "1"]
[White "Aronian, Levon"]
[Black "Carlsen, Magnus"]
[Result "1/2-1/2"]
[WhiteElo "2802"]
[BlackElo "2826"]
[Annotator "Krasenkow,Michal"]
[PlyCount "114"]
[EventDate "2011.11.16"]
[EventType "tourn"]
[EventRounds "9"]
[EventCountry "RUS"]
[EventCategory "22"]
[SourceTitle "CBM 146"]
[Source "ChessBase"]
[SourceDate "2012.01.18"]
[SourceVersion "1"]
[SourceVersionDate "2012.01.18"]
[SourceQuality "1"]

1. d4 {ChessBase II} Nf6 2. c4 e6 3. Nf3 b6 4. g3 Ba6 5. Qa4 Be7 6. Bg2 c6 7. Nc3 O-O 8. O-O d5 9. Ne5 Qe8 {This line was examined in CBM 93, annotations to Kalinitschew - Graf by GM A.Finkel. As that game was played many years ago, a lot of new material has appeared since then.} 10. b3 (10. cxd5 {is White's most popular option but Black has no problems after the exchange of queens. Here is a relatively recent example:} cxd5 11. Qxe8 Rxe8 12. Bf4 Nbd7 13. Nxd7 Nxd7 14. Rfc1 Rac8 15. a4 g5 16. Bd2 Bb4 17. e4 dxe4 18. Bxg5 Bxc3 19. bxc3 Bd3 20. a5 f6 21. Bf4 Nf8 22. f3 exf3 23. Bxf3 Ng6 24. Bd6 Red8 25. Bb4 Rc7 26. Ra3 Ne7 27. c4 Bg6 28. axb6 axb6 29. Ra6 Nc8 30. d5 exd5 31. c5 Rdd7 32. Ra8 bxc5 33. Rxc5 Rxc5 34. Bxc5 Rc7 35. Bd4 Be4 $11 {1/2 Socko,B (2641)-Markus,R (2567)/Dresden 2007/CBM 118 (50)}) (10. Qb3 {was played by GM Sh.Mamedyarov in a rapid game. He won with the help of his opponent:} Nfd7 11. cxd5 Nxe5 12. dxe5 cxd5 13. Rd1 Nd7 (13... Nc6 $1 $36) 14. e4 dxe4 15. Nxe4 Nxe5 16. Bf4 Nc4 17. Nd6 Nxd6 18. Bxa8 Nb7 19. Bxb7 Bxb7 20. Rac1 Qa8 21. Rd7 Bf6 22. Qd3 $13 {1-0 Mamedyarov,S (2742)-Ibanez Aullana,J (2301)/Villarrobledo 2008/CBM 126 Extra (29)}) ({RR} 10. Re1 b5 11. cxb5 cxb5 12. Qd1 b4 13. Nb1 Nc6 14. Nxc6 Qxc6 15. Nd2 Qb6 16. e3 Rac8 17. Bf1 Rc6 18. Bxa6 Qxa6 19. Nf3 Rfc8 20. Qb3 Ne4 21. Nd2 Rc2 22. Nxe4 dxe4 23. a3 h5 24. d5 R8c4) 10... b5 (10... Ne4 $5 11. Nxe4 Bb5 12. cxb5 cxb5 13. Qa3 Bxa3 14. Bxa3 f6 $1 15. Nd6 Qd8 16. Bh3 $5 fxe5 17. Bxe6+ Kh8 18. dxe5 $44) 11. Qa5 Bd8 (11... bxc4 $5 12. bxc4 Qd8 13. Qa4 Nfd7 $1) 12. Qa3 Be7 13. c5 {In this structure White keeps some pressure. His c5-pawn can't be undermined as Black's pawn is already on b5, and preparing ...e6-e5 is not easy for Black either.} Bb7 14. Qb2 a5 15. Nd3 b4 16. Na4 Nbd7 17. a3 $146 (17. Bf4 Ba6 18. Rfd1 Qd8 (18... Nh5 $5) 19. a3 bxa3 20. Qxa3 Nh5 21. Bd6 Bxd6 22. cxd6 Bxd3 23. Rxd3 Nhf6 24. Rc1 Nb8 25. Rdc3 Ne8 26. Rxc6 $6 Nxc6 27. Rxc6 Nf6 28. Nc5 Rb8 29. d7 Ra8 $13 {1-0 Beliavsky,A-Antoshin,V/Soviet Union 1978/EXT 2010 (42)}) ({RR} 17. Bf4 Ba6 18. Rfd1 Qd8 19. a3 bxa3 20. Qxa3 Nh5 21. Bd6 Bxd6 22. cxd6 Bxd3 23. Rxd3 Nhf6 24. Rc1 Nb8 25. Rdc3 Ne8 26. Rxc6 Nxc6 27. Rxc6 Nf6 28. Nc5 Rb8 29. d7 Ra8 30. e4 dxe4 31. Bf1 Nd5 {Beliavsky,A (2545)-Antoshin,V (2440) Ordzhonikidze 1978 EXT 2017 [ChessBase II] 1-0 (42)}) 17... Ba6 18. Rd1 Bxd3 19. Rxd3 Ne4 {[%cal Yf7f5]} (19... bxa3 $5 20. Rxa3 (20. Qxa3 e5) 20... e5 21. dxe5 Ng4) 20. f3 (20. Bxe4 dxe4 21. Rd1 f5 22. Qc2 bxa3 23. Rxa3 Qh5 $132) 20... Nef6 {After provoking the weakening f2-f3, ...e6-e5 can be more effective.} 21. Rd1 e5 22. e3 (22. dxe5 Nxc5 $1 23. exf6 $2 Bxf6 24. Qb1 Nxa4 25. bxa4 Qxe2) 22... bxa3 23. Qc2 Bd8 {[%cal Yd8c7] A standard manoeuvre. The bishop protects the crucial a5-pawn and b6-square, as well as aiming at White's kingside.} 24. Bxa3 Rb8 25. Re1 Qe6 26. Nb2 Re8 27. Nd3 Bc7 28. Bb2 e4 29. Nf2 exf3 30. Bxf3 Ne4 31. Nxe4 dxe4 32. Bd1 Nf6 {[%csl Gd5]} 33. Bc3 Nd5 34. Bxa5 {This pawn is not important anymore as Black has an excellent kingside counterplay, and White's b3 pawn can't move forward.} Ra8 35. Qd2 Qg6 {[%cal Yh7h5]} 36. Kh1 $6 (36. Ra4 $142 Rxa5 37. Rxa5 h5 $1 $44) 36... Qh6 37. b4 $6 (37. Kg1 Rxa5 38. Rxa5 Bxa5 39. Qxa5 Nxe3 40. Qd2 Nf5 41. Qxh6 gxh6 (41... Nxh6 42. b4 $13 {[%cal Yd4d5]}) 42. Bc2 Nxd4 43. Rxe4 Rxe4 44. Bxe4 Nxb3 45. Bxc6 Nxc5 $11) 37... Bxg3 38. Rg1 Bh4 39. Bb3 Bg5 $6 (39... Qxe3 $142 {although the position after} 40. Qxe3 Nxe3 41. b5 (41. d5 Nxd5 42. b5 Bf6 43. Ra2 Reb8 44. b6 Bd4) 41... Bf6 $1 (41... cxb5 42. d5 $44 {[%csl Gc5,Gd5]}) 42. bxc6 Bxd4 43. Ra2 {[%csl Gc6] was not easy to evaluate. GM Magnus Carlsen prefers a simpler course but White obtains passed pawns anyway, with parity of material.}) 40. Bxd5 Bxe3 41. Bxf7+ Kxf7 42. Qa2+ Qe6 43. Rgf1+ Kg8 44. Qxe6+ Rxe6 45. Rad1 Bg5 46. d5 cxd5 47. Rxd5 Bf6 48. Rd6 Rxd6 $2 (48... Kf7 $142 {Still, White keeps winning chances after} 49. Rxe6 Kxe6 50. Rc1 Bg5 51. Rc2) 49. cxd6 {[%mdl 4096]} Bd8 (49... e3 50. Re1 ({but not} 50. Rxf6 gxf6 51. Kg2 Kf7 52. d7 Ke7 53. d8=Q+ Rxd8 54. Bxd8+ Kxd8 55. Kf3 Kc7 56. Kxe3 Kc6 57. Ke4 Kb5 58. Kf5 Kxb4 59. Kxf6 Kc5 60. Kg7 h5 $11) 50... Kf7 51. Rxe3 {, and White should win.}) 50. Rf5 $2 {Missing the victorious} (50. Bc7 $1 e3 51. b5 Bh4 52. d7 e2 53. Rg1 $1 (53. Rc1 $2 Rf8 $1 54. Kg2 Kf7 55. Kf3 (55. b6 Ke6 56. b7 Kxd7) 55... Ke6+ 56. Kxe2 Kxd7 $11) 53... e1=Q (53... Bf2 54. Rc1) (53... Rf8 54. b6 Rf1 55. Bg3) 54. Rxe1 Bxe1 55. d8=Q+ Rxd8 56. Bxd8 Kf7 57. b6 Bc3 58. b7 Be5 59. Bh4 Bb8 60. Bg3 Ba7 61. b8=Q Bxb8 62. Bxb8 $18 {Not an easy line to find!}) 50... Bxa5 51. bxa5 Rd8 $1 52. Rd5 (52. a6 Rxd6 53. Ra5 Rd8 54. a7 Ra8 55. Kg2 Kf7 56. Kf2 Ke6 57. Ke3 Kd6 58. Kxe4 Kc6 59. Ke5 Kb6 60. Ra1 Rxa7 61. Rxa7 Kxa7 62. Ke6 Kb6 63. Kf7 g5 $11) 52... Kf7 53. a6 Ke6 54. Rd4 Kd7 55. Rb4 e3 56. Kg2 Rf8 57. a7 e2 1/2-1/2

[Event "Moscow Tal Memorial 6th"]
[Site "Moscow"]
[Date "2011.11.20"]
[Round "5"]
[White "Ivanchuk, Vassily"]
[Black "Carlsen, Magnus"]
[Result "1/2-1/2"]
[WhiteElo "2775"]
[BlackElo "2826"]
[Annotator "Ramirez Alvarez,Alejandro"]
[PlyCount "147"]
[EventDate "2011.11.16"]
[EventType "tourn"]
[EventRounds "9"]
[EventCountry "RUS"]
[EventCategory "22"]
[SourceTitle "CBM 146"]
[Source "ChessBase"]
[SourceDate "2012.01.18"]
[SourceVersion "1"]
[SourceVersionDate "2012.01.18"]
[SourceQuality "1"]
[TimeControl "6000+30"]

1. d4 Nf6 2. c4 g6 3. Nc3 d5 4. Bf4 Bg7 5. e3 c5 6. dxc5 Qa5 7. Qb3 {Following Ivanchuk's success with the strange 4.e3 followed by 5.b3 against Svidler, he decides to take on another sideline. 7.c1 is by far the main choice.} Na6 {Attempting to take back on c5 with the  is very logical. This gives White the option to retain one of his pawns, but at a great cost.} 8. cxd5 Nxc5 9. Qb5+ Qxb5 10. Bxb5+ Bd7 $44 {White now has his extra pawn on d5, which isn't going to fall any time soon. However you can't stop evaluating there. The pawn IS weak is Black holds e4 under control, which means it can't be reinforced easily. Furthermore Black is ahead on development, and his  on g7 can easily begin pounding on the queenside with the help of a b5 push.} 11. Rd1 Nh5 12. Bxd7+ Kxd7 13. Bg3 $146 (13. Nf3 {doesn't look pleasant but maybe it was more important to develop than to keep the pawn structure.} Nxf4 14. exf4 {[%cal Gf3e5]} Bxc3+ $5 15. bxc3 f6 16. O-O Ne4 $44 {and Black is down a pawn but not worse.}) (13. Nge2 Nxf4 14. exf4 (14. Nxf4 b5 $1 15. Rd2 (15. Nxb5 Rhb8 16. Nd4 Rxb2 $15) 15... b4 16. Nd1 b3 {with plentiful compensation.})) ({RR} 13. Nge2 Nxf4 14. exf4 b5 15. b4 Nb7 16. Nxb5 a5 17. Rc1 Rhc8 18. Rxc8 Kxc8 19. bxa5 Rxa5 20. Nbc3 Nd6 21. Kd2 Kd7 22. Rb1 f5 23. f3 Bf6 24. a4 Rc5 25. Kd3 Ra5 26. Rb4 Rc5 27. Rb6 Ra5 {Vallin,G (2419)-Taddei,B (2340) France 2004 1-0 (37)}) 13... b5 {White's pieces on the kingside are too far away from the queenside action, and it's hard to believe that White can keep all his pawns alive. White should be thinking about equality.} 14. d6 e6 {Black's superior development, awesome blockade of the weak d6-pawn and queenside adctivity give him more than enough compensation for the pawn.} 15. Nf3 b4 16. Nb5 Nxg3 17. hxg3 Rab8 18. Nbd4 h5 19. Rh4 f5 {Black is using his structure to try to push the white pieces back. He is in no hurry to regain material as he knows that the d6-pawn is just doomed.} 20. Ne2 e5 21. Rc4 Rhc8 22. Kf1 Ne4 23. Rc7+ {The pawn was going to fall anyway, at least this way Ivanchuk gets rid of some active pieces.} Rxc7 24. dxc7+ Kxc7 25. Nd2 Nxd2+ 26. Rxd2 {Black has finally regained his material, and it is obvious that he has emerged on top. The  is considerably better than the , which at the moment lacks any good squares. Not to mention, the structure favors Black and White's  will be out of play for a few more moves at the very least. White is forced to be passive.} a5 27. b3 a4 28. bxa4 Ra8 29. Nc1 e4 30. Ne2 Rxa4 31. Nf4 {The  has gained f4, since the e-pawn was pushed to increase the s scope. This isn't a particular big gain, though, since g5 is still in the fray.} (31. Nd4 Kb6 32. Ke1 Be5 $15 {poses the strong threat of ...c5 and ...xd4.}) 31... Bc3 32. Rc2 Kd6 33. Ke2 (33. Nxg6 $4 b3 34. Rxc3 bxa2 35. Rc1 Rb4 $1 $19) 33... g5 34. Nxh5 Kd5 {Black finds himself down a pawn again, but again the compensation is very obvious. The  on h5 is out of play and he has pressure on the weak a2, not to mention that White can't make use of his majority. The only rub in the position is that it isn't clear how to break through.} 35. f3 g4 (35... Kc4 36. g4 {creates very unnecessary complications, it is much better to lock down the pawn structure at once.}) 36. Nf4+ Kc4 37. Ne6 Ra6 38. Nf4 (38. Nd4 exf3+ 39. gxf3 Rh6 {looked very troubling for White, as now he doesn't control h3, which means his g3-pawn is a prime target.} 40. fxg4 (40. Nxf5 $2 Rh2+ 41. Kd1 Rh1+ 42. Ke2 Re1+ 43. Kf2 Kd3 {and the rook is history.}) 40... fxg4 41. Kf1 Kd3 $17 {with a strong initiative against the dangerously corralled king.}) 38... Rh6 39. fxg4 fxg4 40. Rc1 (40. Kf2 {was the best way of holding the fortress, but it still seems like Black can create dangerous threats.} Rd6 41. Kf1 Kb5 42. a3 bxa3 43. Rxc3 a2 44. Rc1 Kb4 {Black will soon pick up the rook. All that is left to be seen is if Black can penetrate the  and  defense.} 45. Ra1 Kb3 46. Rxa2 Kxa2 47. Nh5 Kb2 48. Nf4 Kc2 49. Ke2 Rd2+ 50. Ke1 {However I personally don't see how.}) 40... Ra6 (40... Rd6 41. Rc2 Kb5 42. a3 bxa3 43. Rxc3 a2 44. Ra3 Ra6 45. Rxa2 Rxa2+ {leads to the same kind of ending as before. Which I think is a draw.}) 41. Rc2 Rh6 42. Rc1 Rd6 43. Rc2 Ra6 44. Kf2 Rh6 45. Ke2 Rh1 46. Ng6 Re1+ (46... b3 47. Ne5+ Kd5 48. Rxc3 bxa2 49. Ra3 a1=Q 50. Rxa1 Rxa1 51. Nxg4 {is quite definitely drawn.}) 47. Kf2 Ra1 48. Nf4 Rb1 49. Ne6 Rd1 50. Nf4 Rd6 51. Ke2 Rc6 $2 {After much shuffling, I think this is where Magnus missed some serious winning chances.} (51... Kb5 52. a3 (52. Kf2 Ka4 53. Kf1 $1 (53. Ne2 $2 Rd2 $19) 53... Rd2 $6 (53... Ka3 54. Ke2 Bb2 55. Rc4 Bc3 56. Rxe4 Rd2+ 57. Kf1 Kxa2 {And it may be that this is still a draw after c4! but it is not easy. White has had to find a lot of exact moves.}) 54. Rxd2 Bxd2 55. Ke2 Bc3 56. Kd1 Ka3 57. Kc2 Kxa2 58. Nd5 $11) 52... bxa3 53. Rxc3 a2 54. Rc1 Kb4 {We simply get to the same endgame we have seen previously. However at this point Black had to try to enter this endgame.}) 52. Rc1 Kb5 53. Nd5 Rc5 54. Nf4 Rc6 55. Nd5 Rc5 56. Nf4 Ka4 57. Ne6 {As opposed to the other line, the  comes back quickly into the game, and Black doesn't even win the exchange.} Rd5 58. Rc2 Ka3 59. Nd4 Rc5 60. Nb3 Rd5 61. Nd4 Bxd4 62. Rd2 {Black must surrender the exchange or he will stand much worse if not just lost after exd4.} Bc3 $11 63. Rxd5 Kxa2 64. Kd1 b3 65. Rb5 Kb2 66. Rb8 Bf6 67. Kd2 Bc3+ 68. Kd1 Bf6 69. Rf8 Bc3 70. Re8 Ka2 71. Ra8+ Kb1 72. Ra4 b2 73. Ra6 Ba5 {Because Black is Magnus. He plays cool moves.} 74. Rxa5 {Obviously Black had run out of ways to try to make progress, and there was no way that White was going to have time to pick up any pawns. Magnus had been pushing for the entire game, and he might have had chances, but was unable to finish it off at the end.} 1/2-1/2